000
00332 a2200109 4500
001
ART_11127
005
20260410161732.0
008
260409a
245
1
0
_a
Aportes para un crecimento sostenido
100
1
_a
Rodríguez, Roberto Mario
773
0
_t
Ejecutivos de finanzas
_g
- Año 5, Nº 41 (oct. 1987)
_w
REV2863
999
_c
17991
_d
17991